La figure de l'univers (Record no. 84070)

MARC details
000 -LEADER
campo de control de longitud fija 00696nam a2200205 i 4500
001 - NÚMERO DE CONTROL
campo de control 84070
003 - IDENTIFICADOR DE NÚMERO DE CONTROL
campo de control ES-MaACL
005 - FECHA Y HORA DE LA ÚLTIMA TRANSACCIÓN
campo de control 20230906174935.0
007 - CAMPO FIJO DE DESCRIPCIÓN FÍSICA--INFORMACIÓN GENERAL
campo de control de longitud fija t|
008 - DATOS DE LONGITUD FIJA--INFORMACIÓN GENERAL
campo de control de longitud fija 041119s1947 fr ||||1| fre d
100 1# - ENTRADA PRINCIPAL--NOMBRE DE PERSONA
Nombre de persona Javet, Pierre.
9 (RLIN) 66204
245 13 - MENCIÓN DEL TÍTULO
Título La figure de l'univers
Resto del título : los mogonies modernes /
Mención de responsabilidad, etc. par Pierre Javet ; préface de G. Tiercy.
260 ## - PUBLICACIÓN, DISTRIBUCIÓN, ETC.
Lugar de publicación, distribución, etc. Neuchatel :
Nombre del editor, distribuidor, etc. Griffon,
Fecha de publicación, distribución, etc. [1947] (
Fabricante Imprimerie Centrale)
300 ## - DESCRIPCIÓN FÍSICA
Extensión 209 p., 8 lám. ;
Dimensiones 20 cm.
490 1# - MENCIÓN DE SERIE
Mención de serie Les problèmes de la philosophie des sciences
700 1# - ENTRADA AGREGADA--NOMBRE PERSONAL
Nombre de persona Tiercy, G.
9 (RLIN) 110233
830 0# - PUNTO DE ACCESO ADICIONAL DE SERIE-TÍTULO UNIFORME
Título uniforme Les problèmes de la philosophie des sciences
9 (RLIN) 183819
852 ## - LOCALIZACIÓN
Ubicación ES-MaACL
Número de control de estantería C-4822
Sublocalización o colección R.25350
Holdings
Estatus retirado Estado de pérdida Estado de daño No para préstamo Biblioteca de origen Biblioteca actual Ubicación en estantería Fecha de adquisición Fuente de adquisición Total de préstamos Signatura topográfica completa Código de barras Visto por última vez Precio de reemplazo Tipo de ítem Koha
        Biblioteca del Ateneo de Madrid Biblioteca del Ateneo de Madrid Sala Palomar 17/01/2008     C-4822 1087859 23/02/2023 23/02/2023 Libro impreso